000 00681nam a2200253Ia 4500
005 20250425161822.0
008 250425s9999 xx 000 0 und d
020 _a997879008X
041 _aspa
043 _aec
082 _a332.41
100 _aSIERRA VALENZUELA, VITALIA
245 0 _aECUADOR INFLACION Y RESPUESTAS:TEORIA, ORIGEN Y CARACTERISTICAS DEL PROCESO INFLACIONARIO Y LAS RESPUESTAS DE LA POLITICA ECONOMICA
250 _a1A ED.
260 _aEcuador
_bEDIDAC
_c1991
260 _aQUITO
300 _a276
650 _aINFLACION
650 _aINFLACION-ECUADOR
650 _aPOLITICA ECONOMICA
710 _aEDIDAC
942 _c01
010 _a30939
999 _c216723
_d216723